Ιστορίες της σκακιέρας

Αποθηκεύτηκε σε:
Λεπτομέρειες βιβλιογραφικής εγγραφής
Κύριος συγγραφέας: Ellin, Stanley
Άλλοι συγγραφείς: Μαγκλιβέρα, Γλύκα (trlf)
Μορφή: Βιβλίο
Γλώσσα:Greek
Δημοσίευση: Αθήνα : Κριτική, [199?].
Θέματα:
Ετικέτες: Προσθήκη ετικέτας
Δεν υπάρχουν, Καταχωρήστε ετικέτα πρώτοι!

MARC

LEADER 00000cam a2200000 i 4500
001 1/54472
008 941103q199u gr | ||| |||| ||gre||
035 |a 1994  |c ΒΙΒΛΙΟΘΗΚΗ  |l 10045006 
040 |a GR-MyUA  |b gre  |e AACR2 
041 1 |a gre 
082 0 |a 808.83  
100 1 |a Ellin, Stanley. 
245 1 0 |a Ιστορίες της σκακιέρας /   |c Stanley Ellin ...[κ.α.]. ; μετάφραση Γλύκα Μαγκλιβέρα.  
260 |a Αθήνα :   |b Κριτική,   |c [199?].  
300 |a 160 σ. ;   |c 21 εκ.  
650 0 0 |a Fiction  |x Collections. 
700 1 |a Μαγκλιβέρα, Γλύκα,  |e trlf 
852 |a INST  |b SAMOS  |e 19941103  |h 808.83 ELL  |p 005300006766  |q 005300006766  |t BK  |y 0 
909 |a Σ  |b 034740